00456 2200157 4500001002100000008004100021035002000062245009200082100003700174250000600211260003300217084001400250082000800264650001400272990001200286INLIS000000000001535 ind  a0010-0125000033 aUndang-Undang Ketentuan Umum dan Tata Cara PerpajakancTim Peraturan Perundang-undangan aTim Peraturan Perundang-undangan a1 aJakarta :bFokus Mediac2012 a336 TIM u a336 aNon Fiksi a0715284